Schaum's 3000 solved problems in electric circuits / (Record no. 180913)

000 -LEADER
fixed length control field 01562 a2200217 4500
003 - CONTROL NUMBER IDENTIFIER
control field Nust
005 - DATE AND TIME OF LATEST TRANSACTION
control field 20221102180706.0
010 ## - LIBRARY OF CONGRESS CONTROL NUMBER
LC control number 87025974
020 ## - INTERNATIONAL STANDARD BOOK NUMBER
International Standard Book Number 0070459215 (pbk.)
040 ## - CATALOGING SOURCE
Transcribing agency Nust
082 00 - DEWEY DECIMAL CLASSIFICATION NUMBER
Classification number 621.3192,NAS
100 1# - MAIN ENTRY--PERSONAL NAME
Personal name Nasar, S. A.
9 (RLIN) 41147
245 10 - TITLE STATEMENT
Title Schaum's 3000 solved problems in electric circuits /
Statement of responsibility, etc. Syed A. Nasar.
Remainder of title Book 2, chapters 14-24
260 ## - PUBLICATION, DISTRIBUTION, ETC.
Place of publication, distribution, etc. New York :
Name of publisher, distributor, etc. McGraw-Hill,
Date of publication, distribution, etc. c1988.
300 ## - PHYSICAL DESCRIPTION
Extent v, 746 p. :
Other physical details ill. ;
Dimensions 28 cm.
505 ## - FORMATTED CONTENTS NOTE
Formatted contents note Units And Basic Concepts (Page-1), Resistance And Ohm's Law (Page-6), Series And Parallel Resistive Circuits (Page-16), Kirchhoff's Laws (Page-43), Network Theorems (Page-72), Capacitors (Page-116), Inductors (Page-129), Ac Sources, Waveforms, And Circuit Relationships (Page-137), Complex Numbers And Pastors (Page-145), Ac Circuits Under Steady State (Page-152), Magnetically Coupled Circuits (Page-231), Resonance (Page-268), Frequency Response And Filters (Page-291), Three-Phase Circuits (Page-304), Transients In Dc Circuits (Page-351), Step, Ramp, And Impulse Functions (Page-423), Duals And Analogs (Page-432), Transients In Ac Circuits (Page- 441), Circuits With Multifrequency Inputs (Page- 450), Circuits With Nonsinusoidal Sources (Page-462), Laplace Transform Method (Page-491), State Variables Method (Page-579), Two-Port Networks (Page-594), Review Problems (Page-620).
650 #0 - SUBJECT ADDED ENTRY--TOPICAL TERM
Topical term or geographic name entry element Electric circuits
General subdivision Problems, exercises, etc.
9 (RLIN) 41425
740 0# - ADDED ENTRY--UNCONTROLLED RELATED/ANALYTICAL TITLE
Uncontrolled related/analytical title Electric circuits.
740 0# - ADDED ENTRY--UNCONTROLLED RELATED/ANALYTICAL TITLE
Uncontrolled related/analytical title Schaum's three thousand solved problems in electric circuits.
942 ## - ADDED ENTRY ELEMENTS (KOHA)
Source of classification or shelving scheme
Koha item type Book
Holdings
Withdrawn status Lost status Source of classification or shelving scheme Damaged status Not for loan Permanent Location Current Location Shelving location Date acquired Full call number Barcode Date last seen Price effective from Koha item type Public note
          Military College of Signals (MCS) Military College of Signals (MCS) General Stacks 12/12/2016 621.3192,NAS MCS28210 12/08/2016 12/12/2016 Book Almirah No.29, Shelf No.6
© 2023 Central Library, National University of Sciences and Technology. All Rights Reserved.